000 00811nam a22002417a 4500
999 _c12410
_d12410
001 12410
003 BD-JhCC
005 20220208190025.0
008 220208s20122012 bg |||| |||| 000 0 ban d
020 _a9789847116570
035 _a(BD-JhCC)12410
040 _aBD-JhCC
_dBD-JhCC
041 _aban
082 _a954.0359
_bJON 2017
100 _aজনসন,অ্যালেন ক্যাম্বেল
245 _aমিশন উইথ মাউন্টব্যাটেন /
_cঅ্যালেন ক্যাম্বেল জনসন, অনু: এনায়েত রসুল।
300 _a477 p. :
_bill;
_c22 cm.
600 _aMountbatten, Louis.
650 _aIndia -- History -- 1947-
700 _a রসুল,এনায়েত
942 _2ddc
_cBK